| 000 | 00889nam a2200181Ia 4500 | ||
|---|---|---|---|
| 999 |
_c9970 _d9970 |
||
| 005 | 20231029103852.0 | ||
| 008 | 231028s9999 xx 000 0 und d | ||
| 040 |
_aUPAN _cBiblioteca San Vicente _eRCAA19 |
||
| 041 | _aspa | ||
| 082 |
_a373 _bN548g _c1995 |
||
| 100 |
_aNieves, Luis Francisco _4aut. |
||
| 245 | 0 |
_aGuia metodologica del Seminario en la enseñanza media/ _cLuis Francisco Nieves |
|
| 260 |
_aGuatemala: _bPiedra Santa, _c1995 |
||
| 300 |
_a80 p.; _c21 cm. |
||
| 505 | _aI. El seminario y su organización inicial II. El tema de investigación de seminario III. La definición del problema a investigarse en el seminario IV. La recolección de datos y uso de resultados para el informe escrito del seminario V. La compòsicion del informe escrito del seminario VI. bibliografía básica recomendada | ||
| 650 |
_2LEMB _aInvestigación científica _93 |
||
| 942 |
_cBK _2ddc |
||